Football par lettre - D - Statistiques

Statistiques générales
  • Ce quiz a été pris 691 fois
  • Le résultat moyen est 6 sur 10
Statistiques - réponses
Indices Solutions % Correct
Pays où est né Christian Eriksen Danemark
96%
République ... du Congo Démocratique
94%
Sélectionneur Equipe de France entre 2004 et 2010 Domenech
77%
Légende du Real Madrid, vainqueur de 2 Ballons d'or et d'un Super Ballon d'Or ainsi que 5 coupes d'Europe remportées d'affilées Di Stefano
74%
Joueur français au CV impressionnant, formé à Lille puis à jouéau PSG, à l'AS Rome, au FC Barcelone, à Everton et est désormais joueur à Aston Villa sous les ordres de Steven Gerrard Digne
70%
Arrière droit régulièrement appelé en Equipe de France, jouant à l'Olympique Lyonnais Dubois
68%
Prénom du Spice Boy David
57%
Cette sélection africaine est surnommée Les Requins de la Mer Rouge Djibouti
49%
Capitaine de l'Equipe de France à 49 reprises entre 2000 et 2004 Desailly
47%
Prénom du 3ème joueur de Manchester United formant la Trinité avec Charlton et Best Denis
11%
Aucun quiz correspondant
Distribution des résultats
% des personnes avec chaque résultat
Percentile par nombre de réponses
Votre historique - résultats
Vous n’avez pas pris ce quiz